Подлинный журнал Комитета от 10 декабря 1814 года с приложением о заключении вновь контрактов с артистами немецкой труппы

Доступно только в Электронных читальных залах Найти на картеНа карте
RUSMARC
00003643nmc2a22000003x 450
001f0e6d24d-acda-4a6f-90cf-4a6f319c4b07
00520181004201316.0
100##$a20161213l18141814k l0rusy0189 ca
1010#$arus
102##$aRU
2001#$aПодлинный журнал Комитета от 10 декабря 1814 года с приложением о заключении вновь контрактов с артистами немецкой труппы
$j30 ноября - 10 декабря 1814 г.
251##$cДело
300##$aДело
801#0$aRU
$bРГИА
$c20161213
$gRCR
801#1$aRU
$bГлавНИВЦ
$c20161213
$2rusmarc
801#2$aRU
$bПБ им. Б.Н. Ельцина
$c20181004
$gRCR
$2rusmarc
850##$aРГИА
852##$aРГИА
$eФедеральное казенное учреждение "Российский государственный исторический архив" (РГИА)
$j1356
937##$hРГИА
$d12236054
$aASBIBLIO_SCAN
462#0$1001dd3991dc-24e1-42ec-8838-ca4255420416
$12001
$a1746-1850 гг.
$1251
$cОпись
$1852
$j1
461#0$10019264ebf8-de62-4f1a-9eb4-9f22098dbbd5
$12001
$aДирекция императорских театров МИДв
$1251
$cФонд
$1852
$j497
215##$a9 л.
$d36,5х26 см
371##$aДокумент не является опубликованным и широко распространяемым
105##$ay###
1222#$ad
035##$af0e6d24d-acda-4a6f-90cf-4a6f319c4b07
856##$uhttp://readingroom.main.prlib.ru/item.aspx?id_node=n118896853&mode=full
Формат отображения